La influencia de las TICs durante la emergencia sanitaria del COVID-19 en el ejercicio de la Contaduría Pública en Colombia. / (Registro nro. 3305)

Detalles MARC
000 -LEADER
fixed length control field 02682nam a2200301 i 4500
005 - DATE AND TIME OF LATEST TRANSACTION
control field 20250329165421.0
007 - PHYSICAL DESCRIPTION FIXED FIELD--GENERAL INFORMATION
fixed length control field ta
008 - FIXED-LENGTH DATA ELEMENTS--GENERAL INFORMATION
fixed length control field 200622s2021 000 0 eng d
040 ## - CATALOGING SOURCE
Original cataloging agency CO-CtgCURN
Language of cataloging spa
Transcribing agency coctgcurn
Description conventions rda
082 0# - DEWEY DECIMAL CLASSIFICATION NUMBER
Classification number COP 2021
Item number N322
100 1# - MAIN ENTRY--PERSONAL NAME
Personal name Navas Calleja, Juan,
Relator term author.
Relationship aut
245 13 - TITLE STATEMENT
Title La influencia de las TICs durante la emergencia sanitaria del COVID-19 en el ejercicio de la Contaduría Pública en Colombia. /
Statement of responsibility, etc. Juan Navas Calleja; Juan Velásquez Naar; Marianela Velásquez Naar; asesor: Jhoquis Machado Licona.
260 ## - PUBLICATION, DISTRIBUTION, ETC.
Place of publication, distribution, etc. Cartagena de Indias :
Name of publisher, distributor, etc. Corporación Universitaria Rafael Núñez,
Date of publication, distribution, etc. 2021.
260 #4 - PUBLICATION, DISTRIBUTION, ETC.
Date of publication, distribution, etc. ©2021.
300 ## - PHYSICAL DESCRIPTION
Extent 12 hojas.
336 ## - CONTENT TYPE
Content type term text
Content type code txt
Source rdacontent
337 ## - MEDIA TYPE
Media type term unmediated
Media type code n
Source rdamedia
338 ## - CARRIER TYPE
Carrier type term volume
Carrier type code nc
Source rdacarrier
502 ## - DISSERTATION NOTE
Dissertation note Trabajo de grado (Contador público). Corporación Universitaria Rafael Núñez. Facultad de Ciencias Administrativas y Contables. Programa de Contaduría pública, 2021.
520 8# - SUMMARY, ETC.
Summary, etc. "Las tecnologías y las herramientas TICs durante la pandemia mundial del COVID-19 han sido el recurso y la herramienta más cercana a la profesión contable para el ejercicio de su labor en las diferentes organizaciones. Este estudio cualitativo trata de conocer la influencia de las TICs durante la emergencia sanitaria del COVID-19 en el ejercicio de la contaduría pública en Colombia, a través de las búsquedas de datos se analiza los distintos puntos como: la preparación y formación sobre la distintas competencia digitales y su nivel aproximado, la importancia de la TICs antes y durante la pandemia y finalmente las actitudes, emociones, sentimiento experimentado en las diferentes entidades y empresas. Analizando la información recopilada se puede concluir que la profesión contable se ha enriquecido en materia de las nuevas herramientas informáticas y mostrado de manera satisfactoria las competencias del manejo de estas. Por consiguiente una necesidad de formación y disposición en competencia digital alta y un incremento considerable de la implementación de las TICs, han aportado significativamente a la profesión contable en tiempos de pandemia."
650 #0 - SUBJECT ADDED ENTRY--TOPICAL TERM
Topical term or geographic name entry element Contaduría pública
General subdivision Tesis y disertaciones académicas.
700 1# - ADDED ENTRY--PERSONAL NAME
Personal name Velásquez Naar, Juan.
700 1# - ADDED ENTRY--PERSONAL NAME
Personal name Velásquez Naar, Marianela.
700 1# - ADDED ENTRY--PERSONAL NAME
Personal name Machado Licona, Jhorquis,
Relator term asesora.
856 7# - ELECTRONIC LOCATION AND ACCESS
Uniform Resource Identifier <a href="https://unicurn.sharepoint.com/:b:/s/biblioteca/Eey4--p8mUlNiPna2jvfXwYB6Q8DkgZvhsIe3fVVK1N0uQ?e=PwP7mg">https://unicurn.sharepoint.com/:b:/s/biblioteca/Eey4--p8mUlNiPna2jvfXwYB6Q8DkgZvhsIe3fVVK1N0uQ?e=PwP7mg</a>
Public note Click aqui para ver el recurso en texto completo
942 ## - ADDED ENTRY ELEMENTS (KOHA)
Koha item type Trabajos de grado
Classification part COP 2021
Item part N322
Institution code [OBSOLETE] MHC
-- MHC
Source of classification or shelving scheme Dewey Decimal Classification
Existencias
Withdrawn status Lost status Source of classification or shelving scheme Damaged status Not for loan Collection Home library Current library Shelving location Date acquired Inventory number Total checkouts Full call number Barcode Date last seen Price effective from Koha item type
    Dewey Decimal Classification     Trabajos de grado Miguel Henríquez Castañeda Miguel Henríquez Castañeda Trabajo de grado 03/29/2025 023548   COP 2021 N322 023548 03/29/2025 03/29/2025 Trabajos de grado